Statistiche per Nomi degli stati europei

Clicka qui per fare il quiz!

Statistiche generali

  • Questo quiz è stato fatto 67 volte
  • Il punteggio medio è 31 su 47

Statistiche sulle risposte

LinguaEtimologiaPaese% Corretto
LatinoTerra dei GermaniGermania
96%
LatinoDal nome del fondatore, MarinoSan Marino
96%
LatinoTerra dei Galli BelgiBelgio
92%
Slavo o balticoRussia occidentale oppure Russia biancaBielorussia
90%
GermanicoDal nome del fiume Moldova (= fiume fangoso)Moldavia
90%
SlavoTerra del Re CechCechia
88%
NorrenoTerra del ghiaccioIslanda
88%
EstoneTerra degli EestiEstonia
86%
LatinoTerra degli ScotiScozia
86%
SvedeseTerra dei FinniFinlandia
84%
BalticoTerra dei LetgalliLettonia
84%
BalticoDal nome del fiume LietaLituania
84%
Latino e celticoDall'antico nome della città di OportoPortogallo
84%
LatinoTerra dei romaniRomania
84%
GermanicoTerre bassePaesi Bassi
82%
SlavoTerra dei SorbiSerbia
82%
IlliricoDal nome della città di AlbanopolisAlbania
80%
NorrenoVia verso nordNorvegia
80%
NorrenoRegno degli SveoniSvezia
80%
TedescoDal cantone di SvittoSvizzera
78%
AnglosassoneTerra degli AngliInghilterra
76%
SlavoTerra degli SlaviSlovenia
70%
LatinoDal nome di una tribù dell'AtticaGrecia
68%
GaelicoTerra della dea EriuIrlanda / Irlanda del Nord
68%
NorrenoTerra di frontieraDanimarca
66%
SlavoTerra degli SlaviSlovacchia
62%
Latino o grecoTerra dei vitelliItalia
60%
BascoDieci sorgentiAndorra
58%
AnglosassoneStranieroGalles
56%
VenezianoTerra delle montagne scureMontenegro
56%
Germanico e celticoPiccolo castelloLussemburgo
54%
TedescoTerritorio orientaleAustria
52%
GrecoDal nome del rame oppure da quello del cipressoCipro
50%
TedescoPietra lucente (nome di una dinastia)Liechtenstein
48%
NorrenoTerra governata dai Variaghi/VichinghiRussia
48%
Latino e tedescoScorrente / la terra di HerzegBosnia ed Erzegovina
46%
TurcoDal nome del fiume VolgaBulgaria
46%
SlavoTerra di confineUcraina
46%
LatinoTerra del popolo liberoFrancia
44%
GrecoTerra degli uomini altiMacedonia del Nord
40%
TurcoPopolo delle dieci frecceUngheria
40%
LatinoDal nome del dio romano dei vagiti dei neonatiCittà del Vaticano
38%
LatinoLatinizzazione del termine "pastore"Croazia
38%
GrecoTerra del mieleMalta
38%
SlavoTerra dei campiPolonia
38%
GrecoSolitarioMonaco
34%
FenicioIsola dei forgiatori oppure Isola dei conigliSpagna
32%

Distribuzione punteggi

Percentile per numero di risposta

Percentuale di utenti per punteggio

I tuoi punteggi nel tempo

Non hai fatto questo quiz